[Event "DVM U16 2015"]
[Site "Lingen (Ems) GER"]
[Date "2015.12.29"]
[Round "6"]
[White "Shvartsman, Kristina"]
[Black "Grund, Sebastian"]
[Result "1-0"]
[Termination "normal"]
[Board "4.3"]
[WhiteElo "1417"]
[BlackElo "1778"]
[WhiteTeam "SK Gräfelfing"]
[BlackTeam "MTV 1876 Saalfeld"]
[PlyCount "57"]
[WhiteFideId "12983438"]
[BlackFideId "12988626"]
[EventCountry "GER"]
[EventRounds "7"]
[EventType "team-swiss"]
[EventDate "2015.12.26"]

1. e4 c5 2. d4 cxd4 3. c3 d3 4. Bxd3 Nc6 5. Bf4 d6 6. Nf3 Nf6 7. O-O e6 8. Nbd2
Be7 9. Bc2 O-O 10. Nc4 d5 11. exd5 Nxd5 12. Bg3 Bf6 13. Qd3 g6 14. Rad1 Qd7 15.
h4 Bg7 16. h5 f5 17. hxg6 hxg6 18. Rfe1 Bf6 19. Nce5 Nxe5 20. Nxe5 Qg7 21. Bb3
Rd8 22. Qb5 a6 23. Qe2 Bxe5 24. Bxe5 Qf7 25. c4 b5 26. cxd5 exd5 27. Rd3 Bb7
28. Qd2 Rd7 29. Rh3 1-0

[Event "DVM U16 2015"]
[Site "Lingen (Ems) GER"]
[Date "2015.12.29"]
[Round "6"]
[White "Grund, Melanie"]
[Black "Yaroshenko, Yaroslav"]
[Result "1-0"]
[Termination "normal"]
[Board "4.4"]
[WhiteElo "1693"]
[BlackElo "1702"]
[WhiteTeam "MTV 1876 Saalfeld"]
[BlackTeam "SK Gräfelfing"]
[PlyCount "95"]
[WhiteFideId "12988804"]
[BlackFideId "16204905"]
[EventCountry "GER"]
[EventRounds "7"]
[EventType "team-swiss"]
[EventDate "2015.12.26"]

1. e4 e5 2. Nf3 Nc6 3. d4 exd4 4. Nxd4 Nxd4 5. Qxd4 d6 6. Nc3 Ne7 7. Bc4 Nc6 8.
Qd1 Be7 9. O-O O-O 10. b3 Be6 11. Bd3 f5 12. exf5 Bxf5 13. Bc4+ Kh8 14. Bb2 Ne5
15. Be2 Rf6 16. f4 Nc6 17. Nb5 Rf8 18. Bg4 Bd7 19. Qf3 Bf6 20. Bxf6 Rxf6 21.
Bxd7 Qxd7 22. Rae1 Raf8 23. Qe4 Qf7 24. g3 g5 25. Re3 a6 26. Nd4 d5 27. Qd3
gxf4 28. gxf4 Qg6+ 29. Rg3 Qxd3 30. Rxd3 Rxf4 31. Rxf4 Rxf4 32. Ne6 Rg4+ 33.
Kf2 Nb4 34. Rd2 c6 35. c3 Rg6 36. Nf4 Rf6 37. Kf3 Nxa2 38. Rxa2 Kg8 39. Kg4 Kf7
40. Re2 b5 41. b4 Rd6 42. Rd2 Rd7 43. Ra2 Kf6 $11 44. Nd3 Ke6 45. Kg5 Rg7+ 46.
Kh5 Ra7 47. h4 Kf5 48. Nc5 1-0

[Event "DVM U16 2015"]
[Site "Lingen (Ems) GER"]
[Date "2015.12.29"]
[Round "6"]
[White "Rieper, Julian"]
[Black "Knudsen, Simon"]
[Result "1/2-1/2"]
[Termination "normal"]
[Board "5.1"]
[WhiteElo "2008"]
[BlackElo "1912"]
[WhiteTeam "SK Doppelbauer Kiel"]
[BlackTeam "SV Horst-Emscher 31"]
[PlyCount "98"]
[WhiteFideId "12936960"]
[BlackFideId "12985546"]
[EventCountry "GER"]
[EventRounds "7"]
[EventType "team-swiss"]
[EventDate "2015.12.26"]

1. e4 e5 2. Nf3 Nc6 3. Bb5 Nf6 4. O-O Nxe4 5. d4 Nd6 6. Bxc6 dxc6 7. dxe5 Nf5
8. Qxd8+ Kxd8 9. h3 h5 10. b3 Ke8 11. Nc3 Ne7 12. Bb2 Bd7 13. Rae1 Ng6 14. Kh2
a5 15. g3 Bb4 16. Ng5 Be7 17. Nce4 Bf5 18. Re2 a4 19. Ra1 axb3 20. cxb3 Ra5 21.
Re3 Rd5 $11 22. Bc3 Nxe5 23. f4 f6 24. Rae1 Rd3 25. fxe5 Rxe3 26. Rxe3 fxg5 27.
a4 Be6 28. b4 Rf8 29. Kg2 Bd5 30. a5 g4 31. hxg4 hxg4 32. Kg1 Rf3 33. Rxf3 gxf3
34. Nc5 Bxc5+ 35. bxc5 Ke7 36. e6 Kxe6 37. Bxg7 Be4 38. Kf2 Kd5 39. Bf8 Kc4 40.
g4 Kb5 41. g5 Kxa5 42. g6 b5 43. g7 Bd5 44. g8=Q Bxg8 45. Kxf3 Kb4 46. Ke2 Kc3
47. Kd1 Kb2 48. Bg7+ Kb1 49. Bc3 Bd5 1/2-1/2

[Event "DVM U16 2015"]
[Site "Lingen (Ems) GER"]
[Date "2015.12.29"]
[Round "6"]
[White "Walker, Julia"]
[Black "Karlisch, Moritz"]
[Result "1/2-1/2"]
[Termination "normal"]
[Board "5.2"]
[WhiteElo "1772"]
[BlackElo "1789"]
[WhiteTeam "SV Horst-Emscher 31"]
[BlackTeam "SK Doppelbauer Kiel"]
[PlyCount "86"]
[WhiteFideId "1271852"]
[BlackFideId "12964859"]
[EventCountry "GER"]
[EventRounds "7"]
[EventType "team-swiss"]
[EventDate "2015.12.26"]

1. e4 e6 2. d4 d5 3. exd5 exd5 4. Nf3 Bd6 5. c4 Nf6 6. Nc3 c6 7. Be2 O-O 8. O-O
dxc4 9. Bxc4 Bg4 10. h3 Bh5 11. g4 Bg6 12. Ne5 Bxe5 13. dxe5 Ne4 14. Nxe4 Bxe4
15. Qxd8 Rxd8 16. e6 fxe6 17. Bxe6+ Kh8 18. Bg5 Re8 19. Bc4 Nd7 20. f4 Nb6 21.
Bb3 Bd5 22. Bxd5 Nxd5 23. f5 Re2 24. Rf2 Rae8 25. Kf1 R2e4 26. Rd1 h6 27. Bc1
Kg8 28. Bd2 Kf7 29. Re1 Rxe1+ 30. Bxe1 Ne3+ 31. Kg1 Nxg4 32. hxg4 Rxe1+ 33. Kg2
Kf6 34. Rd2 Re7 35. Kf3 h5 36. Kf4 hxg4 37. Rd6+ Kf7 38. Kxg4 Re4+ 39. Kg5 Ke7
40. Rg6 Kf7 41. Rd6 Re7 42. a4 Rc7 43. Kf4 b6 $11 *

[Event "DVM U16 2015"]
[Site "Lingen (Ems) GER"]
[Date "2015.12.29"]
[Round "6"]
[White "Behringer, Tom"]
[Black "Rebentisch, Tom"]
[Result "1-0"]
[Termination "normal"]
[Board "5.3"]
[WhiteElo "1788"]
[BlackElo "1838"]
[WhiteTeam "SK Doppelbauer Kiel"]
[BlackTeam "SV Horst-Emscher 31"]
[PlyCount "75"]
[WhiteFideId "16203496"]
[BlackFideId "16202627"]
[EventCountry "GER"]
[EventRounds "7"]
[EventType "team-swiss"]
[EventDate "2015.12.26"]

1. d4 d5 2. c4 e6 3. Nc3 Nf6 4. Bg5 Nbd7 5. e3 Be7 6. Nf3 c6 7. Qc2 O-O 8. Rc1
h6 9. Bh4 Re8 10. cxd5 exd5 11. Bd3 Ne4 12. Bxe7 Qxe7 13. O-O Ndf6 14. Ne5 Nxc3
15. bxc3 Nd7 16. f4 Nxe5 17. fxe5 Rf8 18. e4 dxe4 19. Bxe4 Be6 20. c4 Rad8 21.
Rcd1 Qb4 22. d5 Qc5+ 23. Rf2 Bg4 24. Re1 f5 25. exf6 Rxf6 26. h3 Bd7 27. Qe2
Rdf8 28. Ref1 Kh8 29. dxc6 bxc6 30. Bd3 h5 31. Qc2 Be6 32. Qe2 Rf4 33. Qc2 Bg8
34. Qe2 R4f6 35. Qc2 Qd4 36. Qe2 Rxf2 37. Qxh5+ Bh7 38. Qxh7# 1-0

[Event "DVM U16 2015"]
[Site "Lingen (Ems) GER"]
[Date "2015.12.29"]
[Round "6"]
[White "Karabügül, Okan"]
[Black "Arndt, Magnus"]
[Result "0-1"]
[Termination "normal"]
[Board "5.4"]
[WhiteElo "1821"]
[BlackElo "1732"]
[WhiteTeam "SV Horst-Emscher 31"]
[BlackTeam "SK Doppelbauer Kiel"]
[PlyCount "44"]
[WhiteFideId "12981842"]
[BlackFideId "12998656"]
[EventCountry "GER"]
[EventRounds "7"]
[EventType "team-swiss"]
[EventDate "2015.12.26"]

1. e4 e5 2. Nf3 Nc6 3. Bc4 Nf6 4. d3 Be7 5. O-O d6 6. c3 O-O 7. Bb3 Kh8 8. Re1
Ng8 9. Nbd2 f5 10. exf5 Bxf5 11. Ne4 Bg4 12. Bxg8 Bxf3 13. gxf3 Kxg8 14. Qb3+
d5 15. Kh1 Na5 16. Qb5 c6 17. Qa4 dxe4 18. b4 Qxd3 19. Be3 Nc4 20. Qb3 Qd5 21.
Rad1 Qf7 22. Rg1 Nxe3 0-1

[Event "DVM U16 2015"]
[Site "Lingen (Ems) GER"]
[Date "2015.12.29"]
[Round "6"]
[White "Philipp, Mathias"]
[Black "Kasüschke, Lars"]
[Result "0-1"]
[Termination "normal"]
[Board "6.1"]
[WhiteElo "1779"]
[BlackElo "1892"]
[WhiteTeam "SSV Vimaria 91 Weimar"]
[BlackTeam "SG Schwäbisch Gmünd 1872"]
[PlyCount "68"]
[WhiteFideId "12958883"]
[BlackFideId "12939510"]
[EventCountry "GER"]
[EventRounds "7"]
[EventType "team-swiss"]
[EventDate "2015.12.26"]

1. e4 c5 2. Nf3 d6 3. c3 Nf6 4. Be2 g6 5. O-O Bg7 6. Qc2 Qc7 7. d3 O-O 8. Bf4
Nc6 9. Nbd2 Qd8 10. d4 cxd4 11. cxd4 Bd7 12. Rac1 Rc8 13. Qb3 Nh5 14. Be3 e5
15. dxe5 dxe5 16. Bc5 Re8 17. Nc4 Nf4 18. Qd1 Nd4 19. Nxd4 Rxc5 20. Nb3 Rc7 21.
Bf3 Bb5 22. Nd6 Rxc1 23. Nxc1 Bxf1 24. Nxe8 Qxd1 25. Bxd1 Bxg2 26. f3 Bf8 27.
Kf2 Bc5+ 28. Kg3 Bf1 29. Nf6+ Kg7 30. Nd5 Nh5+ 31. Kg4 Bg1 32. h4 Bh2 33. Be2
Bg2 34. Nb3 Ng3 0-1

[Event "DVM U16 2015"]
[Site "Lingen (Ems) GER"]
[Date "2015.12.29"]
[Round "6"]
[White "Reindl, Arno"]
[Black "Latka, Richard"]
[Result "1-0"]
[Termination "normal"]
[Board "6.2"]
[WhiteElo "1586"]
[BlackElo "1688"]
[WhiteTeam "SG Schwäbisch Gmünd 1872"]
[BlackTeam "SSV Vimaria 91 Weimar"]
[PlyCount "65"]
[WhiteFideId "12946729"]
[BlackFideId "24690082"]
[EventCountry "GER"]
[EventRounds "7"]
[EventType "team-swiss"]
[EventDate "2015.12.26"]

1. e4 c5 2. d4 cxd4 3. c3 dxc3 4. Nxc3 Nc6 5. Nf3 Nf6 6. Bc4 e6 7. O-O Qc7 8.
Nb5 Qb8 9. Qe2 a6 10. Nbd4 Ng4 11. Nxc6 bxc6 12. e5 d5 13. Bd3 g6 14. h3 Nh6
15. b3 c5 16. Qc2 Qc7 17. Be3 Nf5 18. Bxf5 gxf5 19. Rac1 Bb7 20. Bxc5 Rc8 21.
b4 Bxc5 22. bxc5 Rg8 23. Qa4+ Ke7 24. Qh4+ Kf8 25. Qd4 Qc6 $11 26. Rb1 Qc7 27.
Rb6 Bc6 28. a4 Ra8 29. Rfb1 Kg7 30. Qh4 d4 31. Nxd4 Be4 32. Qf6+ Kf8 33. Nxe6+
1-0

[Event "DVM U16 2015"]
[Site "Lingen (Ems) GER"]
[Date "2015.12.29"]
[Round "6"]
[White "Klee, Otto"]
[Black "Waibel, Christian"]
[Result "0-1"]
[Termination "normal"]
[Board "6.3"]
[WhiteElo "1515"]
[BlackElo "1565"]
[WhiteTeam "SSV Vimaria 91 Weimar"]
[BlackTeam "SG Schwäbisch Gmünd 1872"]
[PlyCount "50"]
[WhiteFideId "16217519"]
[BlackFideId "16217497"]
[EventCountry "GER"]
[EventRounds "7"]
[EventType "team-swiss"]
[EventDate "2015.12.26"]

1. e4 e5 2. Nf3 Nc6 3. Bb5 a6 4. Ba4 Nf6 5. O-O b5 6. Bb3 Be7 7. Re1 O-O 8. c3
d6 9. d4 Bg4 10. Be3 Rb8 11. Nbd2 b4 12. Qe2 exd4 13. cxd4 Qc8 14. Rac1 Na5 15.
Bc2 c5 16. Bd3 Rb6 17. Rc2 Nd7 18. Rec1 Rc6 19. Qf1 Qb7 20. e5 Qb6 21. exd6
Bxd6 22. d5 Rc7 23. Bxa6 Ra8 24. Qd3 Qxa6 25. Qe4 Nf6 0-1

[Event "DVM U16 2015"]
[Site "Lingen (Ems) GER"]
[Date "2015.12.29"]
[Round "6"]
[White "Reindl, Knut"]
[Black "Katzschmann, Christian"]
[Result "1/2-1/2"]
[Termination "normal"]
[Board "6.4"]
[WhiteElo "1697"]
[BlackElo "1364"]
[WhiteTeam "SG Schwäbisch Gmünd 1872"]
[BlackTeam "SSV Vimaria 91 Weimar"]
[PlyCount "43"]
[WhiteFideId "12946753"]
[BlackFideId "12983667"]
[EventCountry "GER"]
[EventRounds "7"]
[EventType "team-swiss"]
[EventDate "2015.12.26"]

1. c4 e6 2. g3 d5 3. cxd5 exd5 4. Bg2 c6 5. Nf3 f5 6. d3 Nf6 7. O-O Bd6 8. e3
O-O 9. b3 Na6 10. Bb2 Bd7 11. Nc3 Re8 12. Rc1 Rc8 13. Re1 Bb4 14. a3 Bf8 15.
Qd2 g6 16. Rcd1 Be6 17. Ng5 Bf7 18. Nxf7 Kxf7 19. e4 dxe4 20. dxe4 fxe4 21.
Nxe4 Nxe4 22. Rxe4 1/2-1/2

[Event "DVM U16 2015"]
[Site "Lingen (Ems) GER"]
[Date "2015.12.29"]
[Round "6"]
[White "Gschnitzer, Adrian"]
[Black "Bauer, Björn-Benny"]
[Result "1-0"]
[Termination "normal"]
[Board "7.1"]
[WhiteElo "2126"]
[BlackElo "2065"]
[WhiteTeam "SV 1947 Walldorf"]
[BlackTeam "SK Gau-Algesheim"]
[PlyCount "81"]
[WhiteFideId "1270337"]
[BlackFideId "24698741"]
[EventCountry "GER"]
[EventRounds "7"]
[EventType "team-swiss"]
[EventDate "2015.12.26"]

1. e4 c5 2. Nf3 Nc6 3. d4 cxd4 4. Nxd4 Nf6 5. Nc3 e5 6. Ndb5 d6 7. Nd5 Nxd5 8.
exd5 Ne7 9. c3 Nf5 10. Bd3 Be7 11. O-O O-O 12. Kh1 a6 13. Na3 g6 14. f4 Ng7 15.
Qe2 Re8 16. fxe5 dxe5 17. Nc4 Bf8 18. Qf2 Bf5 19. Bxf5 Nxf5 20. Nb6 Rb8 21. g4
Nd6 22. a4 a5 23. Be3 Qc7 24. Qf3 f5 25. c4 $11 f4 26. Bg1 Nf7 27. c5 Ng5 28.
d6 Qf7 29. Qd5 Qxd5+ 30. Nxd5 Kf7 31. Rae1 Bg7 32. Nb6 h5 33. h4 Ne6 34. gxh5
Rh8 35. Nd7 Rbc8 36. Nxe5+ Bxe5 37. Rxe5 Rxh5 38. Rxh5 gxh5 39. Rd1 Ng7 40. d7
Rd8 41. c6 1-0

[Event "DVM U16 2015"]
[Site "Lingen (Ems) GER"]
[Date "2015.12.29"]
[Round "6"]
[White "Grieb, Lukas"]
[Black "Färber, David"]
[Result "0-1"]
[Termination "normal"]
[Board "7.2"]
[WhiteElo "1853"]
[BlackElo "2000"]
[WhiteTeam "SK Gau-Algesheim"]
[BlackTeam "SV 1947 Walldorf"]
[PlyCount "34"]
[WhiteFideId "1271993"]
[BlackFideId "12971294"]
[EventCountry "GER"]
[EventRounds "7"]
[EventType "team-swiss"]
[EventDate "2015.12.26"]

1. e4 c5 2. Nf3 Nc6 3. d4 cxd4 4. Nxd4 e5 5. Nb5 d6 6. N1c3 a6 7. Na3 b5 8. Nd5
Nce7 9. Be3 Nxd5 10. Qxd5 Be6 11. Qd2 Nf6 12. f3 d5 13. Bd3 dxe4 14. fxe4 Nxe4
15. Bxe4 Qh4+ 16. Qf2 Qxe4 17. Nb1 Bc5 0-1

[Event "DVM U16 2015"]
[Site "Lingen (Ems) GER"]
[Date "2015.12.29"]
[Round "6"]
[White "Hartmann, Cora"]
[Black "Erlekam, Simon"]
[Result "0-1"]
[Termination "normal"]
[Board "7.3"]
[WhiteElo "1803"]
[BlackElo "1802"]
[WhiteTeam "SV 1947 Walldorf"]
[BlackTeam "SK Gau-Algesheim"]
[PlyCount "108"]
[WhiteFideId "16200764"]
[BlackFideId "12921416"]
[EventCountry "GER"]
[EventRounds "7"]
[EventType "team-swiss"]
[EventDate "2015.12.26"]

1. e4 c5 2. Nf3 Nc6 3. d3 e6 4. g3 d5 5. Nbd2 Be7 6. Bg2 Nf6 7. O-O O-O 8. Re1
b6 9. e5 Nd7 10. Nf1 Bb7 11. h4 Qc7 12. Bf4 b5 13. N1h2 c4 14. d4 c3 15. b3 a5
16. a3 Ba6 17. Ng4 Qb6 18. a4 bxa4 19. bxa4 Nb4 20. Ng5 Rfc8 21. Ne3 Bxg5 22.
Bxg5 Nc6 23. Qh5 Nxd4 24. Nxd5 exd5 25. Bxd5 Qg6 26. Qg4 Ne6 27. Be4 Nxe5 28.
Qd1 Nxg5 29. Bxg6 Ngf3+ 30. Kh1 hxg6 31. Re3 Rd8 32. Qc1 Rd2 33. Kg2 Bb7 34.
Rxc3 Nxh4+ 35. Kh3 Bg2+ 36. Kxh4 Rd4+ 37. f4 g5+ 38. Kxg5 f6+ 39. Kh4 g5+ 40.
Kh5 Kg7 41. Rc7+ Nf7 42. Kg4 Kg6 43. Rxf7 Kxf7 44. Qg1 f5+ 45. Kxf5 Bh3+ 46.
Ke5 Rd2 47. fxg5 Re8+ 48. Kf4 Rde2 49. Qd4 R8e6 50. g6+ Kf8 51. Kg5 R6e5+ 52.
Kh4 Rh2 53. g4 Bf1+ 54. Kg3 Rh3+ 0-1

[Event "DVM U16 2015"]
[Site "Lingen (Ems) GER"]
[Date "2015.12.29"]
[Round "6"]
[White "Breitenbach, Justin"]
[Black "Baureis, Julian"]
[Result "1/2-1/2"]
[Termination "normal"]
[Board "7.4"]
[WhiteElo "1456"]
[BlackElo "1664"]
[WhiteTeam "SK Gau-Algesheim"]
[BlackTeam "SV 1947 Walldorf"]
[PlyCount "42"]
[WhiteFideId "12971383"]
[BlackFideId "12991112"]
[EventCountry "GER"]
[EventRounds "7"]
[EventType "team-swiss"]
[EventDate "2015.12.26"]

1. e4 c5 2. Nf3 e6 3. d4 cxd4 4. Nxd4 a6 5. Nc3 Qc7 6. Be3 Nf6 7. Be2 b5 8. a3
Bb7 9. Qd3 d6 10. O-O Be7 11. Rad1 d5 12. exd5 Nxd5 13. Nxd5 Bxd5 14. Bf3 Bxf3
15. Nxf3 Nc6 16. Rfe1 Bf6 17. c3 Rd8 18. Qe4 O-O 19. Bg5 Be7 20. Bf4 Qb6 21.
Ng5 g6 1/2-1/2

[Event "DVM U16 2015"]
[Site "Lingen (Ems) GER"]
[Date "2015.12.29"]
[Round "6"]
[White "Grohmann, Alexander"]
[Black "Chittka, Julius"]
[Result "0-1"]
[Termination "normal"]
[Board "8.1"]
[WhiteElo "1753"]
[BlackElo "2021"]
[WhiteTeam "FVS ASP Hoyerswerda"]
[BlackTeam "VfSuF 1975 Düsseldorf-Süd"]
[PlyCount "82"]
[WhiteFideId "12947679"]
[BlackFideId "12954772"]
[EventCountry "GER"]
[EventRounds "7"]
[EventType "team-swiss"]
[EventDate "2015.12.26"]

1. d4 Nf6 2. c4 g6 3. Nc3 d5 4. Nf3 Bg7 5. g3 O-O 6. Bg2 dxc4 7. O-O c6 8. Ne5
Be6 9. a4 a5 10. e3 Nfd7 11. Nf3 h6 12. Qe2 Na6 13. e4 Nb4 14. Be3 Kh7 15. Rfd1
Nb6 16. h3 Qc7 17. Bf4 Qc8 18. Kh2 f5 19. Nh4 Nd3 20. Rxd3 cxd3 21. Qxd3 Bc4
22. Qc2 e6 23. exf5 exf5 24. g4 Qd8 25. Bg3 Bf6 26. Nf3 fxg4 27. hxg4 Qd7 28.
Bh3 Be6 29. Be5 Bxg4 30. Bxf6 Bxh3 31. Ne5 Qf5 32. Qxf5 Bxf5 33. Be7 Rfe8 34.
Bc5 Nd5 35. Nxd5 cxd5 36. Ra3 Rac8 37. Rb3 Rxe5 38. Rxb7+ Kg8 39. dxe5 Rxc5 40.
b4 axb4 41. Rxb4 Kf7 0-1

[Event "DVM U16 2015"]
[Site "Lingen (Ems) GER"]
[Date "2015.12.29"]
[Round "6"]
[White "Surguchov, Alexander"]
[Black "Rössel, Louis"]
[Result "1/2-1/2"]
[Termination "normal"]
[Board "8.2"]
[WhiteElo "1798"]
[BlackElo "1772"]
[WhiteTeam "VfSuF 1975 Düsseldorf-Süd"]
[BlackTeam "FVS ASP Hoyerswerda"]
[PlyCount "40"]
[WhiteFideId "1272035"]
[BlackFideId "12966398"]
[EventCountry "GER"]
[EventRounds "7"]
[EventType "team-swiss"]
[EventDate "2015.12.26"]

1. d4 Nf6 2. Bf4 d5 3. e3 e6 4. Nf3 b6 5. c3 Bb7 6. Bd3 Nbd7 7. h3 c5 8. O-O
Be7 9. Ne5 O-O 10. Nd2 Ne4 11. Ndf3 f6 12. Nxd7 Qxd7 13. Qe2 Bd6 14. Bxd6 Qxd6
15. Rfd1 Rad8 16. c4 Qe7 17. cxd5 exd5 18. dxc5 Nxc5 19. Rac1 Rc8 20. Nd4 Nxd3
1/2-1/2

[Event "DVM U16 2015"]
[Site "Lingen (Ems) GER"]
[Date "2015.12.29"]
[Round "6"]
[White "Laskow, Vincent"]
[Black "Gula, Julian"]
[Result "1-0"]
[Termination "normal"]
[Board "8.3"]
[WhiteElo "1733"]
[BlackElo "1776"]
[WhiteTeam "FVS ASP Hoyerswerda"]
[BlackTeam "VfSuF 1975 Düsseldorf-Süd"]
[PlyCount "67"]
[WhiteFideId "12947652"]
[BlackFideId "12954799"]
[EventCountry "GER"]
[EventRounds "7"]
[EventType "team-swiss"]
[EventDate "2015.12.26"]

1. e4 c5 2. c3 d5 3. exd5 Nf6 4. d4 cxd4 5. Nf3 Nxd5 6. Bc4 e6 7. cxd4 Nc6 8.
Nc3 Bb4 9. Bd2 O-O 10. Bxd5 exd5 11. O-O Bg4 12. Be3 Na5 13. h3 Bh5 14. g4 Bg6
15. Ne5 Nc4 16. Nxc4 dxc4 17. Qf3 f5 18. Qxb7 Bxc3 19. bxc3 f4 20. Bd2 f3 21.
Qb5 Qh4 22. Qxc4+ Bf7 23. Qc7 Qxh3 24. Qg3 Qxg3+ 25. fxg3 Bc4 26. Rf2 Rab8 27.
Bf4 Rb6 28. Rxf3 Be2 29. Re3 Bxg4 30. Re7 a6 31. Be5 Rg6 32. Rb1 Bf3 33. Rb6
Bc6 34. Rxc6 1-0

[Event "DVM U16 2015"]
[Site "Lingen (Ems) GER"]
[Date "2015.12.29"]
[Round "6"]
[White "Schmitz, Fabian"]
[Black "Hassemeier, Mika"]
[Result "0-1"]
[Termination "normal"]
[Board "8.4"]
[WhiteElo "1634"]
[BlackElo "1773"]
[WhiteTeam "VfSuF 1975 Düsseldorf-Süd"]
[BlackTeam "FVS ASP Hoyerswerda"]
[PlyCount "70"]
[WhiteFideId "12965006"]
[BlackFideId "12994880"]
[EventCountry "GER"]
[EventRounds "7"]
[EventType "team-swiss"]
[EventDate "2015.12.26"]

1. e4 {[%emt 0:00:00]} e6 2. d4 c5 3. Nf3 cxd4 4. Nxd4 Nf6 5. Nc3 Bb4 6. Bd3
Nc6 7. Nxc6 bxc6 8. O-O d5 9. exd5 cxd5 10. Bb5+ Bd7 11. Bxd7+ Qxd7 12. Qf3 O-O
13. a3 Ba5 14. b4 Bc7 15. Bb2 Qd6 16. g3 a6 17. Ne2 Bd8 18. Rfd1 Rc8 19. Rac1
Rc4 20. Rd4 Rxd4 21. Bxd4 Ne4 22. Nc3 Bf6 23. Bxf6 Nxf6 24. Rd1 Rc8 25. Rc1 h6
26. Ne2 Ne4 27. c3 Qc6 28. Qd3 Qb6 29. Rf1 Rc4 30. h3 Kf8 31. Kg2 Qb5 32. Qc2
Qc6 33. Rc1 Nxc3 34. Nxc3 d4+ 35. Qe4 Qxe4+ 0-1

[Event "DVM U16 2015"]
[Site "Lingen (Ems) GER"]
[Date "2015.12.29"]
[Round "6"]
[White "Greiving, Felix"]
[Black "Oberhofer, Cédric"]
[Result "1/2-1/2"]
[Termination "normal"]
[Board "9.1"]
[WhiteElo "1796"]
[BlackElo "2150"]
[WhiteTeam "SV Lingen"]
[BlackTeam "SC Bavaria Regensburg 1881"]
[PlyCount "51"]
[WhiteFideId "12967548"]
[BlackFideId "12941220"]
[EventCountry "GER"]
[EventRounds "7"]
[EventType "team-swiss"]
[EventDate "2015.12.26"]

1. e4 c5 2. Nf3 d6 3. Bb5+ Bd7 4. Bxd7+ Qxd7 5. c4 Nf6 6. Nc3 g6 7. O-O Nc6 8.
d3 Bg7 9. h3 O-O 10. Be3 Ne8 11. Qd2 Nc7 12. Rab1 Rab8 13. a3 b5 14. b4 cxb4
15. axb4 bxc4 16. dxc4 Rxb4 17. Rxb4 Nxb4 18. Bxa7 Ne6 19. Be3 Rc8 20. Nd5 Nxd5
21. cxd5 Nc5 22. Qb4 Nd3 23. Qb1 Ne5 24. Nd2 Nc4 25. Nxc4 Rxc4 26. Rc1 $11
1/2-1/2

[Event "DVM U16 2015"]
[Site "Lingen (Ems) GER"]
[Date "2015.12.29"]
[Round "6"]
[White "Dechant, Georg"]
[Black "Möller, Hannah"]
[Result "1/2-1/2"]
[Termination "normal"]
[Board "9.2"]
[WhiteElo "1993"]
[BlackElo "1743"]
[WhiteTeam "SC Bavaria Regensburg 1881"]
[BlackTeam "SV Lingen"]
[PlyCount "97"]
[WhiteFideId "12956716"]
[BlackFideId "1270514"]
[EventCountry "GER"]
[EventRounds "7"]
[EventType "team-swiss"]
[EventDate "2015.12.26"]

1. e4 c5 2. Nf3 d6 3. d4 cxd4 4. Nxd4 Nf6 5. Nc3 g6 6. Be3 Bg7 7. Be2 a6 8. O-O
Nbd7 9. f4 O-O 10. Bf3 Qc7 11. Nb3 Rb8 12. g4 Nb6 13. Nd2 Nc4 14. Nxc4 Qxc4 15.
g5 Nd7 16. Nd5 Re8 17. c3 e6 18. Nb4 Qc7 19. Qe1 b5 20. Qh4 Bb7 21. Rac1 Nc5
22. Bd4 e5 23. fxe5 dxe5 24. Be3 a5 25. Qf2 Rbc8 26. Bxc5 Qxc5 27. Qxc5 Rxc5
28. Nd5 Bxd5 29. exd5 e4 30. Rfe1 Rxd5 31. Bxe4 Rxg5+ 32. Kf2 Rge5 33. Bc6 Rxe1
34. Rxe1 Rxe1 35. Kxe1 b4 36. cxb4 axb4 37. b3 Kf8 38. Ke2 Ke7 39. Bd5 f5 40.
Kd3 Kf6 41. Bg2 Ke5 42. Ke3 h6 43. Bf3 Bf8 44. Bg2 g5 45. h3 f4+ 46. Ke2 Bc5
47. Bf3 Be3 48. Kd3 Kf5 49. Bh5 1/2-1/2

[Event "DVM U16 2015"]
[Site "Lingen (Ems) GER"]
[Date "2015.12.29"]
[Round "6"]
[White "Sehring, Niklas"]
[Black "Sammet, Dominik"]
[Result "1/2-1/2"]
[Termination "normal"]
[Board "9.3"]
[WhiteElo "1164"]
[BlackElo "1685"]
[WhiteTeam "SV Lingen"]
[BlackTeam "SC Bavaria Regensburg 1881"]
[PlyCount "40"]
[WhiteFideId "16213610"]
[BlackFideId "12987875"]
[EventCountry "GER"]
[EventRounds "7"]
[EventType "team-swiss"]
[EventDate "2015.12.26"]

1. Nf3 d5 2. g3 Nc6 3. d4 Nf6 4. Bg2 Bf5 5. O-O g6 6. Nbd2 Bg7 7. c4 dxc4 8.
Nxc4 O-O 9. a3 Be6 10. Ne3 h6 11. b4 a6 12. Bb2 Nd5 13. Qd3 f5 14. Ne5 Nxe5 15.
dxe5 c6 16. Rfd1 Nxe3 17. Qxe3 Qc7 18. Rac1 Rfd8 19. Qc5 Rxd1+ 20. Rxd1 Rd8
1/2-1/2

[Event "DVM U16 2015"]
[Site "Lingen (Ems) GER"]
[Date "2015.12.29"]
[Round "6"]
[White "Oberhofer, Marie"]
[Black "Baars, Pascal"]
[Result "1-0"]
[Termination "normal"]
[Board "9.4"]
[WhiteElo "1602"]
[BlackElo "1011"]
[WhiteTeam "SC Bavaria Regensburg 1881"]
[BlackTeam "SV Lingen"]
[PlyCount "39"]
[WhiteFideId "12938165"]
[BlackFideId "16217527"]
[EventCountry "GER"]
[EventRounds "7"]
[EventType "team-swiss"]
[EventDate "2015.12.26"]

1. e4 g6 2. d4 Bg7 3. Nc3 c6 4. Be2 Nf6 5. Nf3 d5 6. e5 Ng4 7. h3 Nh6 8. Bf4
O-O 9. Qd2 Nf5 10. g4 e6 11. gxf5 exf5 12. O-O-O Re8 13. h4 h6 14. Bxh6 Nd7 15.
Bxg7 Kxg7 16. h5 b5 17. hxg6 fxg6 18. Qh6+ Kf7 19. Ng5+ Ke7 20. Qg7# 1-0

[Event "DVM U16 2015"]
[Site "Lingen (Ems) GER"]
[Date "2015.12.29"]
[Round "6"]
[White "Pfaffenrot, Daniel"]
[Black "Neumann, Tiemon"]
[Result "1/2-1/2"]
[Termination "normal"]
[Board "10.2"]
[WhiteElo "1603"]
[BlackElo "1743"]
[WhiteTeam "Gütersloher SV von 1923"]
[BlackTeam "SC Aurich"]
[PlyCount "85"]
[WhiteFideId "12964972"]
[BlackFideId "12925462"]
[EventCountry "GER"]
[EventRounds "7"]
[EventType "team-swiss"]
[EventDate "2015.12.26"]

1. d4 {[%emt 0:00:00]} Nf6 {[%emt 0:00:00]} 2. Nf3 g6 3. Bg5 Bg7 4. c3 O-O 5.
Nbd2 d5 6. e3 Qd6 7. Bd3 c5 8. Bf4 Qb6 9. Rb1 Nbd7 10. O-O Nh5 11. Bg5 e5 12.
dxe5 Nxe5 13. Nxe5 Bxe5 14. Nf3 Bg7 15. Bc2 Be6 16. Bb3 h6 17. Bh4 Qc6 18. Rc1
b5 19. a4 a6 20. Re1 Qb7 21. axb5 axb5 22. Nd2 Nf6 23. Bg3 Rfd8 24. Be5 Ng4 25.
Bxg7 Kxg7 26. h3 Ne5 27. Nf3 Qc7 28. Nxe5 Qxe5 29. Qe2 c4 30. Bc2 Ra2 31. Bb1
Ra1 32. Qd2 Qg5 33. Kh1 Ra6 34. Qd4+ Kg8 35. Rcd1 Rad6 36. Bc2 Bf5 37. Bxf5
Qxf5 38. Kg1 Qe4 39. Qc5 Qc2 40. Qxb5 Rf6 41. f3 Rf5 42. Qb6 Re8 43. Qd4
1/2-1/2